[Event "18th 4NCL Congress"]
[Site "Doncaster"]
[Date "2018.04.13"]
[Round "1"]
[Board "1"]
[White "Vakhidov, Jakhongir"]
[Black "Burnett, Jim"]
[Result "1-0"]
[WhiteElo "2542"]
[BlackElo "2105"]
[PlyCount "59"]
[EventDate "2018.04.13"]
[EventRounds "5"]
[EventCountry "ENG"]

1. c4 e6 2. g3 d5 3. Bg2 Nf6 4. d4 Be7 5. Nf3 O-O 6. O-O c6 7. Qc2 Nbd7 8. Nbd2
b6 9. e4 Ba6 10. e5 Ne8 11. Re1 Nc7 12. b3 Rc8 13. Bb2 c5 14. Rac1 b5 15. dxc5
Bxc5 16. cxd5 Nxd5 17. Qb1 h6 18. Ne4 Qe7 19. Nd4 b4 20. Nxc5 Nxc5 21. Red1 g6
22. Nxe6 fxe6 23. Rxd5 exd5 24. Qxg6+ Qg7 25. Bxd5+ Kh8 26. e6 Qxb2 27. Qxh6+
Kg8 28. e7+ Rf7 29. Qg6+ Kh8 30. Qh5+ 1-0

[Event "18th 4NCL Congress"]
[Site "Doncaster"]
[Date "2018.04.13"]
[Round "1"]
[Board "2"]
[White "Kilshaw, Joe"]
[Black "Merry, Alan B"]
[Result "0-1"]
[WhiteElo "2072"]
[BlackElo "2436"]
[PlyCount "38"]
[EventDate "2018.04.13"]
[EventRounds "5"]
[EventCountry "ENG"]

1. d4 Nf6 2. Bf4 g6 3. Nc3 c5 4. d5 Bg7 5. e4 O-O 6. Be2 d6 7. h4 b5 8. Bxb5
Nxe4 9. Nxe4 Qa5+ 10. Qd2 Qxb5 11. Rb1 Qc4 12. Nc3 Bxc3 13. bxc3 Nd7 14. Ne2
Ba6 15. h5 Nf6 16. hxg6 fxg6 17. Bh6 Ne4 18. Qd3 Rxf2 19. Nf4 Rf1+ 0-1

[Event "18th 4NCL Congress"]
[Site "Doncaster"]
[Date "2018.04.13"]
[Round "1"]
[Board "3"]
[White "Wells, Peter K"]
[Black "Moore, Gerald"]
[Result "1/2-1/2"]
[WhiteElo "2433"]
[BlackElo "2056"]
[PlyCount "43"]
[EventDate "2018.04.13"]
[EventRounds "5"]
[EventCountry "ENG"]

1. d4 g6 2. e4 Bg7 3. Nc3 d6 4. f4 Nf6 5. Nf3 O-O 6. Bd3 Nc6 7. e5 dxe5 8. fxe5
Nh5 9. Be3 Bg4 10. Be2 f6 11. exf6 Bxf6 12. O-O Ng7 13. d5 Nf5 14. Bd2 Bxf3 15.
Bxf3 Ne5 16. Be2 Qd6 17. Kh1 Qc5 18. Bf4 Rad8 19. Qe1 Qb6 20. Na4 Qd4 21. c4
Ne3 22. Bxe3 1/2-1/2

[Event "18th 4NCL Congress"]
[Site "Doncaster"]
[Date "2018.04.13"]
[Round "1"]
[Board "4"]
[White "Seymour, Timothy P"]
[Black "Sowray, Peter J"]
[Result "0-1"]
[WhiteElo "2038"]
[BlackElo "2381"]
[PlyCount "56"]
[EventDate "2018.04.13"]
[EventRounds "5"]
[EventCountry "ENG"]

1. Nf3 d5 2. e3 Nf6 3. c4 e6 4. b3 Be7 5. Bb2 O-O 6. Nc3 c5 7. cxd5 exd5 8. d4
Nc6 9. Rc1 Bg4 10. Be2 Bxf3 11. Bxf3 cxd4 12. exd4 Re8 13. O-O Bb4 14. Qd3 Qd6
15. Nb5 Qe7 16. g3 Rad8 17. Rc2 Qd7 18. Bc1 Ne4 19. Re2 Ba5 20. Bxe4 dxe4 21.
Rxe4 Nb4 22. Rxe8+ Rxe8 23. Qc4 Rc8 24. Qe2 Rc2 25. Qe5 Nd3 26. Qb8+ Rc8 27.
Qxa7 Qxb5 28. Be3 Qd5 0-1

[Event "18th 4NCL Congress"]
[Site "Doncaster"]
[Date "2018.04.13"]
[Round "1"]
[Board "5"]
[White "Walker, David J"]
[Black "Yoon, Jacob D"]
[Result "1/2-1/2"]
[WhiteElo "2285"]
[BlackElo "2004"]
[PlyCount "85"]
[EventDate "2018.04.13"]
[EventRounds "5"]
[EventCountry "ENG"]

1. c4 c5 2. Nf3 Nc6 3. d4 cxd4 4. Nxd4 g6 5. e4 Bg7 6. Be3 Nf6 7. Nc3 Ng4 8.
Qxg4 Nxd4 9. Qd1 Ne6 10. Rc1 b6 11. Be2 Bb7 12. f3 O-O 13. O-O f5 14. exf5 Rxf5
15. Qd2 d6 16. Bd3 Rf7 17. Be4 Qd7 18. Bxb7 Qxb7 19. b3 Raf8 20. Nd5 Be5 21. f4
Bg7 22. Rfe1 Nc7 23. Nc3 e5 24. Rf1 Ne6 25. Nd5 exf4 26. Nxf4 Nxf4 27. Rxf4
Rxf4 28. Bxf4 Qe4 29. Be3 Re8 30. Bf2 Be5 31. Re1 Qg4 32. h3 Qd7 33. a4 Qf7 34.
Qd3 Qf4 35. g3 Qf6 36. Kg2 Rf8 37. Re2 h5 38. h4 Kh7 39. Rd2 Bc3 40. Rc2 Be5
41. Rd2 Bc3 42. Rc2 Be5 43. Rd2 1/2-1/2

[Event "18th 4NCL Congress"]
[Site "Doncaster"]
[Date "2018.04.13"]
[Round "1"]
[Board "6"]
[White "Macdonald, Paul"]
[Black "Brown, Martin"]
[Result "0-1"]
[WhiteElo "2002"]
[BlackElo "2265"]
[PlyCount "58"]
[EventDate "2018.04.13"]
[EventRounds "5"]
[EventCountry "ENG"]

1. d4 Nf6 2. c4 g6 3. Nc3 d5 4. cxd5 Nxd5 5. e4 Nxc3 6. bxc3 Bg7 7. Be3 c5 8.
Qd2 Qa5 9. Nf3 O-O 10. Rc1 Rd8 11. d5 e6 12. c4 Qxd2+ 13. Nxd2 Na6 14. Be2 b6
15. O-O Nb4 16. a3 Na2 17. Rc2 Nc3 18. Bd3 Ba6 19. Rfc1 exd5 20. exd5 Nxd5 21.
Be4 Nxe3 22. fxe3 Rab8 23. Bd5 Bb7 24. e4 Bxd5 25. exd5 Re8 26. Nf3 Re3 27. Rd1
Rxa3 28. Re2 Bf6 29. d6 Kf8 {[Site "Doncaster"]} 0-1

[Event "18th 4NCL Congress"]
[Site "Doncaster"]
[Date "2018.04.13"]
[Round "1"]
[Board "7"]
[White "Richardson, John R"]
[Black "Benson, Paul J"]
[Result "1-0"]
[WhiteElo "2251"]
[BlackElo "1997"]
[PlyCount "71"]
[EventDate "2018.04.13"]
[EventRounds "5"]
[EventCountry "ENG"]

1. d4 f5 2. g3 Nf6 3. Bg2 g6 4. Nf3 Bg7 5. O-O O-O 6. b3 Na6 7. Bb2 d6 8. c4 c5
9. Nc3 Rb8 10. e3 h6 11. Qe2 g5 12. Rad1 Qe8 13. Nb5 Bd7 14. Nxa7 Ne4 15. dxc5
Naxc5 16. Bxg7 Kxg7 17. Qb2+ Kg8 18. Nd4 Qg6 19. f3 Nf6 20. b4 Ne6 21. Qc2 Nxd4
22. Rxd4 Qf7 23. a4 Ne8 24. f4 g4 25. e4 Ng7 26. e5 Ra8 27. Nb5 Bxb5 28. axb5
dxe5 29. fxe5 e6 30. Qd2 Qg6 31. Bxb7 Ra3 32. Rd3 Ra7 33. Bg2 Nh5 34. b6 Raf7
35. Rd8 f4 36. b7 1-0

[Event "18th 4NCL Congress"]
[Site "Doncaster"]
[Date "2018.04.13"]
[Round "1"]
[Board "8"]
[White "Munshi, Aditya"]
[Black "Willow, Jonah B"]
[Result "0-1"]
[WhiteElo "1986"]
[BlackElo "2177"]
[PlyCount "70"]
[EventDate "2018.04.13"]
[EventRounds "5"]
[EventCountry "ENG"]

1. e4 c5 2. Nf3 e6 3. d4 cxd4 4. Nxd4 Nc6 5. Nc3 Qc7 6. Be3 Nf6 7. Qf3 a6 8.
O-O-O d6 9. Nxc6 bxc6 10. Be2 e5 11. Qg3 Be6 12. f4 Rb8 13. f5 Bd7 14. Bf3 Qa5
15. Rd3 c5 16. a3 c4 17. Rd5 Nxd5 18. Nxd5 Bc6 19. f6 g6 20. Rd1 Bxd5 21. Rxd5
Qc7 22. Bd2 Rb5 23. Be2 h5 24. Qc3 Rxd5 25. exd5 Bh6 26. Qxc4 Qxc4 27. Bxc4 a5
28. b4 axb4 29. axb4 Kd8 30. Bb5 Bxd2+ 31. Kxd2 g5 32. Ba6 Rh6 33. c4 Rxf6 34.
Ke3 Rf4 35. g3 Rd4 0-1

[Event "18th 4NCL Congress"]
[Site "Doncaster"]
[Date "2018.04.13"]
[Round "1"]
[Board "9"]
[White "Shaw, Peter"]
[Black "Prior, Stephen Cv"]
[Result "1/2-1/2"]
[WhiteElo "2122"]
[BlackElo "1979"]
[PlyCount "96"]
[EventDate "2018.04.13"]
[EventRounds "5"]
[EventCountry "ENG"]

1. d4 Nf6 2. c4 e6 3. Nf3 Bb4+ 4. Bd2 a5 5. g3 d6 6. Bg2 Nbd7 7. O-O e5 8. d5
O-O 9. Bxb4 axb4 10. Qb3 b5 11. cxb5 Nc5 12. Qxb4 Nxd5 13. Qd2 Be6 14. Nc3 Nxc3
15. Qxc3 Ne4 16. Qb4 f5 17. Rfd1 Qf6 18. a4 Nc5 19. a5 f4 20. a6 e4 21. Nd4
fxg3 22. fxg3 Qf2+ 23. Kh1 Bd5 24. Qc3 Qf6 25. Qe3 Qe5 26. b4 Nd7 27. Rac1 Nf6
28. h3 Nh5 29. Kh2 Rf6 30. Rf1 Rxf1 31. Rxf1 Nxg3 32. Qxg3 Qxd4 33. Rc1 Bc4 34.
Qc3 Qxc3 35. Rxc3 Bxb5 36. Rxc7 Bxa6 37. Bxe4 Re8 38. Bd5+ Kh8 39. e4 h6 40.
Rc6 Bd3 41. Rxd6 Bxe4 42. Re6 Rxe6 43. Bxe6 Bc6 44. Bc4 g5 45. b5 Bxb5 46. Bxb5
h5 47. Be2 g4 48. Bxg4 h4 1/2-1/2

[Event "18th 4NCL Congress"]
[Site "Doncaster"]
[Date "2018.04.13"]
[Round "1"]
[Board "10"]
[White "Towers, Brian"]
[Black "Jarmany, John"]
[Result "0-1"]
[WhiteElo "1785"]
[BlackElo "2114"]
[PlyCount "58"]
[EventDate "2018.04.13"]
[EventRounds "5"]
[EventCountry "ENG"]

1. d4 d5 2. Bf4 Nf6 3. e3 c5 4. c3 Nc6 5. Nd2 e6 6. Ngf3 Bd6 7. Bg3 Bxg3 8.
hxg3 Qd6 9. Bd3 e5 10. dxe5 Nxe5 11. Nxe5 Qxe5 12. Nf3 Qe7 13. Bb5+ Kf8 14. Qc2
g6 15. O-O-O c4 16. e4 a6 17. Qa4 Qc5 18. exd5 Qxb5 19. Qa3+ Kg7 20. d6 Re8 21.
Nd4 Qg5+ 22. Kb1 Bd7 23. Qb4 b5 24. Qa5 Qc5 25. Ka1 Ne4 26. b4 cxb3 27. Nxb3
Qxc3+ 28. Qxc3+ Nxc3 29. Rc1 Rac8 0-1

[Event "18th 4NCL Congress"]
[Site "Doncaster"]
[Date "2018.04.14"]
[Round "2"]
[Board "1"]
[White "Willow, Jonah B"]
[Black "Vakhidov, Jakhongir"]
[Result "0-1"]
[WhiteElo "2177"]
[BlackElo "2542"]
[PlyCount "82"]
[EventDate "2018.04.13"]
[EventRounds "5"]
[EventCountry "ENG"]

1. e4 c5 2. Nf3 Nc6 3. d4 cxd4 4. Nxd4 g6 5. c4 Bg7 6. Be3 Qb6 7. Nb3 Qd8 8.
Nd4 d6 9. Nc3 Qb6 10. Nb3 Bxc3+ 11. bxc3 Qc7 12. c5 dxc5 13. Bb5 Nf6 14. O-O
O-O 15. Bxc6 Ng4 16. g3 Nxe3 17. fxe3 Qxc6 18. Qd5 Qxd5 19. exd5 b6 20. e4 Ba6
21. Rfd1 Rfd8 22. Kf2 e6 23. d6 e5 24. a4 Bc4 25. Nd2 Be6 26. Nb1 f6 27. a5 b5
28. a6 Rab8 29. Ra5 Rb6 30. Na3 b4 31. Nb5 bxc3 32. Nxa7 Rb2+ 33. Ke3 Bg4 34.
Nc6 c4 35. Re1 Rxd6 36. Ne7+ Kg7 37. Nd5 Rxh2 38. a7 c2 39. Raa1 Ra6 40. Nf4
Bd1 41. Ne6+ Kh6 0-1

[Event "18th 4NCL Congress"]
[Site "Doncaster"]
[Date "2018.04.14"]
[Round "2"]
[Board "2"]
[White "Merry, Alan B"]
[Black "Richardson, John R"]
[Result "1-0"]
[WhiteElo "2436"]
[BlackElo "2251"]
[PlyCount "49"]
[EventDate "2018.04.13"]
[EventRounds "5"]
[EventCountry "ENG"]

1. e4 d5 2. exd5 Qxd5 3. Nc3 Qa5 4. Bc4 Nf6 5. d3 Bg4 6. f3 Bf5 7. Bd2 Qb6 8.
Qe2 e6 9. g4 Bg6 10. f4 Be7 11. O-O-O Nc6 12. Nf3 O-O 13. Rdg1 Rfe8 14. Qg2 Qc5
15. Na4 Qd6 16. f5 a6 17. fxg6 hxg6 18. Nc3 b5 19. Bb3 Na5 20. h4 c5 21. h5 c4
22. hxg6 fxg6 23. Ng5 cxb3 24. Qh3 Kf8 25. Rf1 1-0

[Event "18th 4NCL Congress"]
[Site "Doncaster"]
[Date "2018.04.14"]
[Round "2"]
[Board "3"]
[White "Sowray, Peter J"]
[Black "Jarmany, John"]
[Result "1-0"]
[WhiteElo "2381"]
[BlackElo "2114"]
[PlyCount "67"]
[EventDate "2018.04.13"]
[EventRounds "5"]
[EventCountry "ENG"]

1. d4 d5 2. c4 c6 3. Nf3 Nf6 4. Nc3 dxc4 5. a4 Bf5 6. Ne5 Nbd7 7. Nxc4 Nb6 8.
Ne5 a5 9. Bg5 g6 10. f3 Bg7 11. e4 Be6 12. Be3 O-O 13. Be2 Qd6 14. O-O Nfd7 15.
f4 Rfd8 16. Qc2 f5 17. Rad1 Qb4 18. exf5 Bxf5 19. Qc1 Nxe5 20. fxe5 Nc4 21. Na2
Nxe3 22. Nxb4 Nxd1 23. Na2 Rxd4 24. Rxd1 Bxe5 25. Qc5 Rxd1+ 26. Bxd1 Bf6 27.
Qb6 e6 28. g4 Rd8 29. Qb3 Bd3 30. Qxe6+ Kg7 31. Nc3 c5 32. Bb3 Bd4+ 33. Kg2 Rf8
34. Qe7+ 1-0

[Event "18th 4NCL Congress"]
[Site "Doncaster"]
[Date "2018.04.14"]
[Round "2"]
[Board "4"]
[White "Brown, Martin"]
[Black "Ther, Mate"]
[Result "1-0"]
[WhiteElo "2265"]
[BlackElo "1590"]
[PlyCount "97"]
[EventDate "2018.04.13"]
[EventRounds "5"]
[EventCountry "ENG"]

1. e4 e5 2. Nf3 Nc6 3. d4 exd4 4. Nxd4 Nf6 5. Nxc6 bxc6 6. e5 Qe7 7. Qe2 Nd5 8.
c4 Ba6 9. Nd2 g6 10. Nf3 Qb4+ 11. Kd1 Rb8 12. Qc2 Ne7 13. Qb3 Nf5 14. g4 Ng7
15. Qxb4 Bxb4 16. Be3 Be7 17. b3 c5 18. Bg2 h5 19. h3 Bb7 20. Ke2 Ne6 21. Rad1
d6 22. exd6 cxd6 23. Rhe1 Kf8 24. Kf1 Kg7 25. Nd2 hxg4 26. hxg4 Rh2 27. Bxb7
Rxb7 28. Ne4 Rh1+ 29. Ke2 Rxe1+ 30. Kxe1 Rb6 31. f4 f5 32. gxf5 gxf5 33. Nc3
Ra6 34. Rd2 Bf6 35. Nd5 Bd4 36. Rg2+ Kf7 37. Bc1 Bf6 38. Kf1 Bd4 39. Re2 Bf6
40. Rxe6 Kxe6 41. Nc7+ Kd7 42. Nxa6 Kc6 43. b4 Kb6 44. b5 Bd8 45. Ke2 d5 46.
Kd3 d4 47. a4 Be7 48. Ba3 Bd6 49. Bxc5+ 1-0

[Event "18th 4NCL Congress"]
[Site "Doncaster"]
[Date "2018.04.14"]
[Round "2"]
[Board "5"]
[White "Yoon, Jacob D"]
[Black "Wells, Peter K"]
[Result "0-1"]
[WhiteElo "2004"]
[BlackElo "2433"]
[PlyCount "90"]
[EventDate "2018.04.13"]
[EventRounds "5"]
[EventCountry "ENG"]

1. e4 c5 2. Nf3 d6 3. c3 Nf6 4. Be2 Nbd7 5. Qc2 Qc7 6. O-O b6 7. d3 Bb7 8. Re1
c4 9. Nbd2 cxd3 10. Bxd3 g6 11. Bb5 a6 12. Ba4 Bg7 13. e5 dxe5 14. Nxe5 b5 15.
Nxd7 Nxd7 16. Bb3 Nc5 17. Nf1 O-O 18. Ng3 e6 19. Be3 a5 20. a4 bxa4 21. Bxa4
Bd5 22. Bb5 Bxg2 23. f3 Bh3 24. Qf2 Rfb8 25. Be2 Nd7 26. Ra2 e5 27. Bf1 Be6 28.
Raa1 f5 29. f4 e4 30. h4 Nf6 31. Bh3 Ra6 32. Bd4 Nd5 33. Bxg7 Kxg7 34. Bf1 Rab6
35. Qd4+ Nf6 36. Rxa5 Rxb2 37. Re5 Rd8 38. Qe3 Ng4 39. Qc1 Nxe5 40. Qxb2 Nf3+
41. Kh1 Rd2 42. Re2 Rxb2 43. Rxb2 Qxf4 44. Rb7+ Kh6 45. Kg2 Qxh4 0-1

[Event "18th 4NCL Congress"]
[Site "Doncaster"]
[Date "2018.04.14"]
[Round "2"]
[Board "6"]
[White "Gardiner, Eric D"]
[Black "Walker, David J"]
[Result "0-1"]
[WhiteElo "1975"]
[BlackElo "2285"]
[PlyCount "114"]
[EventDate "2018.04.13"]
[EventRounds "5"]
[EventCountry "ENG"]

1. e4 e6 2. d4 d5 3. e5 c5 4. c3 Nc6 5. Nf3 Nh6 6. a3 Nf5 7. b4 cxd4 8. cxd4
Qb6 9. Bb2 Bd7 10. Be2 Be7 11. Qd3 O-O 12. O-O a6 13. Nbd2 f6 14. Nb3 Rad8 15.
Rac1 Kh8 16. Nc5 fxe5 17. dxe5 Be8 18. Qd2 Bxc5 19. Rxc5 Bg6 20. Rfc1 Rc8 21.
Nd4 Nce7 22. Nxf5 Bxf5 23. Bd4 Qd8 24. Qg5 Qd7 25. b5 h6 26. Qd2 Rxc5 27. Rxc5
axb5 28. Bxb5 Nc6 29. Bxc6 bxc6 30. Qb4 Ra8 31. Ra5 Qc8 32. Qa4 Rb8 33. h3 Qe8
34. Ra7 Qg6 35. Ra8 Rxa8 36. Qxa8+ Kh7 37. Kh2 Bd3 38. Qf8 Qe4 39. Bb2 d4 40.
f3 Qxe5+ 41. f4 Qd5 42. Qb4 c5 43. Qd2 Qe4 44. Qf2 Bb5 45. Kg1 Bc6 46. Kh2 Kg6
47. Qg3+ Kf7 48. Qf2 g6 49. Qd2 Kf6 50. Qf2 Kf5 51. Bc1 c4 52. g4+ Kf6 53. g5+
Kg7 54. gxh6+ Kh7 55. Kg3 c3 56. h4 Bb7 57. h5 gxh5 0-1

[Event "18th 4NCL Congress"]
[Site "Doncaster"]
[Date "2018.04.14"]
[Round "2"]
[Board "7"]
[White "Vickery, Jim E"]
[Black "Shaw, Peter"]
[Result "1/2-1/2"]
[WhiteElo "1961"]
[BlackElo "2122"]
[PlyCount "57"]
[EventDate "2018.04.13"]
[EventRounds "5"]
[EventCountry "ENG"]

1. d4 f5 2. c4 e6 3. Nf3 Nf6 4. g3 Be7 5. Bg2 O-O 6. O-O d6 7. b3 Ne4 8. Bb2
Bf6 9. Qc2 Nc6 10. a3 e5 11. dxe5 dxe5 12. Nc3 Nxc3 13. Bxc3 e4 14. Rfd1 Qe7
15. Ne1 Ne5 16. e3 Be6 17. Bf1 Qf7 18. Qb2 Ng4 19. Bxf6 Nxf6 20. Ng2 Qe7 21.
Be2 Bf7 22. Rd2 Rad8 23. Rad1 Rxd2 24. Rxd2 Rd8 25. Rxd8+ Qxd8 26. Qd4 Qxd4 27.
exd4 Bh5 28. Bxh5 Nxh5 29. Ne3 1/2-1/2

[Event "18th 4NCL Congress"]
[Site "Doncaster"]
[Date "2018.04.14"]
[Round "2"]
[Board "8"]
[White "Webster, Richard J"]
[Black "Burrows, Martin P"]
[Result "1/2-1/2"]
[WhiteElo "1933"]
[BlackElo "2117"]
[PlyCount "68"]
[EventDate "2018.04.13"]
[EventRounds "5"]
[EventCountry "ENG"]

1. d4 Nf6 2. c4 e6 3. Nc3 Bb4 4. e3 O-O 5. Bd3 c5 6. Nf3 d5 7. O-O cxd4 8. exd4
dxc4 9. Bxc4 b6 10. Qe2 Bb7 11. Rd1 Nbd7 12. Bg5 Bxc3 13. bxc3 Qc7 14. Nd2 Rfe8
15. f3 Nd5 16. Bxd5 Bxd5 17. c4 Bb7 18. Rac1 h6 19. Be3 Nf6 20. Qf2 Rac8 21.
Qg3 Qxg3 22. hxg3 Ba6 23. Kf2 Rc6 24. Rc3 Nd5 25. Ra3 Bxc4 26. Rxa7 b5 27. a3
Bd3 28. Ne4 Bxe4 29. fxe4 Nc3 30. Rc1 Nxe4+ 31. Kf3 Rxc1 32. Bxc1 Nf6 33. Rb7
Rc8 34. Bb2 Nd5 1/2-1/2

[Event "18th 4NCL Congress"]
[Site "Doncaster"]
[Date "2018.04.14"]
[Round "2"]
[Board "9"]
[White "Milson, Samuel A"]
[Black "Akeya-Price, Robert A"]
[Result "1-0"]
[WhiteElo "2105"]
[BlackElo "1916"]
[PlyCount "83"]
[EventDate "2018.04.13"]
[EventRounds "5"]
[EventCountry "ENG"]

1. e4 c6 2. d4 d5 3. e5 Bf5 4. h4 h5 5. Bd3 Bxd3 6. Qxd3 e6 7. Bg5 Qb6 8. Nd2
c5 9. c4 Nc6 10. Ne2 cxd4 11. cxd5 Nb4 12. Qb3 Nxd5 13. Qa4+ Qc6 14. Qxc6+ bxc6
15. Nxd4 Rc8 16. Ne4 Kd7 17. Rh3 f6 18. Bd2 Nh6 19. Bxh6 Rxh6 20. Rb3 Bb4+ 21.
Kf1 c5 22. Nb5 c4 23. Rg3 Rh7 24. Rd1 f5 25. Ng5 Rhh8 26. Nd4 Rh6 27. Ndxe6
Rxe6 28. Rxd5+ Kc6 29. Rd4 Rxe5 30. Nf3 Re4 31. Rxg7 Rce8 32. Rxe4 fxe4 33.
Nd4+ Kc5 34. Nc2 a5 35. Rc7+ Kb5 36. Nd4+ Kb6 37. Rxc4 e3 38. fxe3 Rxe3 39. Nc2
Re5 40. Nxb4 Kb5 41. Nd3 Re3 42. Rc3 1-0

[Event "18th 4NCL Congress"]
[Site "Doncaster"]
[Date "2018.04.14"]
[Round "2"]
[Board "10"]
[White "Mccarthy, Damian"]
[Black "Starley, Robert"]
[Result "1/2-1/2"]
[WhiteElo "1845"]
[BlackElo "2087"]
[PlyCount "105"]
[EventDate "2018.04.13"]
[EventRounds "5"]
[EventCountry "ENG"]

1. e4 e5 2. Nf3 Nc6 3. Bb5 a6 4. Ba4 Nf6 5. O-O Be7 6. Re1 b5 7. Bb3 O-O 8. a4
Bb7 9. d3 d6 10. axb5 axb5 11. Rxa8 Bxa8 12. c3 Qd7 13. Nbd2 Bb7 14. Nf1 Ra8
15. Ng3 Ra1 16. Nf5 Bf8 17. Qe2 h6 18. Bd2 Rxe1+ 19. Nxe1 d5 20. Ng3 Na7 21.
Bc2 dxe4 22. Nxe4 Qe6 23. Nxf6+ Qxf6 24. b4 Nc6 25. Nf3 Bd6 26. Be1 Ne7 27. Nd2
Nd5 28. Ne4 Qg6 29. Bd2 Be7 30. f3 Qc6 31. Bb3 f5 32. Ng3 Qf6 33. d4 exd4 34.
Qxb5 dxc3 35. Bxd5+ Bxd5 36. Qxd5+ Kh8 37. Be3 c2 38. Ne2 Qa1+ 39. Nc1 Bxb4 40.
Qd8+ Kh7 41. Qxc7 Qb2 42. Qf4 Qc3 43. h3 Qe1+ 44. Kh2 Bd6 45. Qxd6 Qxe3 46. Qd3
Qf4+ 47. g3 Qxc1 48. Qxf5+ Kg8 49. Qe6+ Kf8 50. Qf5+ Ke7 51. Qe5+ Kf7 52. Qf5+
Kg8 53. Qe6+ 1/2-1/2

[Event "18th 4NCL Congress"]
[Site "Doncaster"]
[Date "2018.04.14"]
[Round "2"]
[Board "17"]
[White "Benson, Paul J"]
[Black "Seymour, Timothy P"]
[Result "1-0"]
[WhiteElo "1997"]
[BlackElo "2038"]
[PlyCount "87"]
[EventDate "2018.04.13"]
[EventRounds "5"]
[EventCountry "ENG"]

1. e4 e5 2. Nf3 Nc6 3. d4 exd4 4. Nxd4 Nf6 5. Nxc6 bxc6 6. Bd3 d5 7. exd5 cxd5
8. O-O Be7 9. b3 O-O 10. Bb2 Be6 11. Nd2 c5 12. h3 h6 13. Qf3 Qa5 14. Rfd1 Rac8
15. Bf5 Rc6 16. c4 Bxf5 17. cxd5 Rd6 18. Nc4 Be4 19. Qf4 g5 20. Qe3 Qd8 21.
Nxd6 Qxd6 22. Bxf6 Bxf6 23. Rac1 Bf5 24. Qxc5 Qxc5 25. Rxc5 Rd8 26. d6 Be6 27.
Rc7 Rd7 28. Rxd7 Bxd7 29. Kf1 Bb5+ 30. Kg1 Bd7 31. f3 Kf8 32. Kf2 Be5 33. Ke3
f6 34. Ke4 Bc6+ 35. Kf5 Ke8 36. Kg6 Kd7 37. Kxh6 Bxd6 38. Kg6 Ke7 39. Rxd6 Kxd6
40. Kxf6 Kc5 41. Kxg5 Kb4 42. h4 a5 43. h5 Bd5 44. h6 1-0

[Event "18th 4NCL Congress"]
[Site "Doncaster"]
[Date "2018.04.14"]
[Round "2"]
[Board "18"]
[White "Towers, Brian"]
[Black "Macdonald, Paul"]
[Result "1-0"]
[WhiteElo "1785"]
[BlackElo "2002"]
[PlyCount "95"]
[EventDate "2018.04.13"]
[EventRounds "5"]
[EventCountry "ENG"]

1. d4 d6 2. Bf4 g6 3. e4 Nf6 4. Nc3 Bg7 5. Qd2 c6 6. Nf3 Bg4 7. Qe3 O-O 8.
O-O-O b5 9. e5 Nh5 10. Bh6 Nd7 11. Bxg7 Nxg7 12. Qf4 Bxf3 13. Qxf3 Qc7 14. exd6
exd6 15. Ne4 d5 16. Ng3 Ne6 17. h4 Qf4+ 18. Qxf4 Nxf4 19. Ne2 Ne6 20. g3 Nf6
21. f3 Nh5 22. a3 Rae8 23. c3 f5 24. Kd2 Neg7 25. Rg1 Re7 26. Nc1 f4 27. g4 Ng3
28. Nd3 Ne8 29. Ne5 Nxf1+ 30. Rgxf1 c5 31. Rc1 Rc7 32. dxc5 Rf6 33. b4 Ra6 34.
Ra1 Re6 35. Rfe1 Rce7 36. Nd3 Rxe1 37. Rxe1 Rxe1 38. Kxe1 Nc7 39. Nxf4 Kf7 40.
Ke2 Kf6 41. Ke3 Ke5 42. Nd3+ Ke6 43. Kd4 Kd7 44. Nf4 Kc6 45. g5 a6 46. Ke5 a5
47. Ne6 Na6 48. Nd4+ 1-0

[Event "18th 4NCL Congress"]
[Site "Doncaster"]
[Date "2018.04.14"]
[Round "3"]
[Board "1"]
[White "Vakhidov, Jakhongir"]
[Black "Sowray, Peter J"]
[Result "1-0"]
[WhiteElo "2542"]
[BlackElo "2381"]
[PlyCount "57"]
[EventDate "2018.04.13"]
[EventRounds "5"]
[EventCountry "ENG"]

1. d4 d5 2. c4 e6 3. Nf3 Nf6 4. g3 dxc4 5. Bg2 a6 6. O-O Nc6 7. e3 Bd7 8. Qe2
Bd6 9. Qxc4 O-O 10. Nbd2 e5 11. dxe5 Nxe5 12. Nxe5 Bxe5 13. Qc5 Bd6 14. Qc2 c6
15. Nc4 Bc7 16. b3 b5 17. Nd2 Bb6 18. Ba3 Re8 19. Ne4 Nxe4 20. Bxe4 h6 21. Rfd1
Qc7 22. Rd6 Rac8 23. Rad1 Bg4 24. R6d2 c5 25. Bh7+ Kf8 26. Bf5 Bxf5 27. Qxf5 f6
28. Rd7 Qc6 29. R1d6 1-0

[Event "18th 4NCL Congress"]
[Site "Doncaster"]
[Date "2018.04.14"]
[Round "3"]
[Board "2"]
[White "Brown, Martin"]
[Black "Merry, Alan B"]
[Result "0-1"]
[WhiteElo "2265"]
[BlackElo "2436"]
[PlyCount "96"]
[EventDate "2018.04.13"]
[EventRounds "5"]
[EventCountry "ENG"]

1. e4 e6 2. d4 d5 3. Nd2 Nf6 4. e5 Nfd7 5. c3 c5 6. f4 Nc6 7. Ndf3 Rb8 8. Bd3
g6 9. Ne2 b5 10. a3 a5 11. g4 h5 12. gxh5 Rxh5 13. Ng3 Rh8 14. h4 cxd4 15. cxd4
Qb6 16. Be3 b4 17. a4 b3 18. h5 g5 19. fxg5 Ndxe5 20. Nxe5 Nxe5 21. Bb5+ Bd7
22. Bxd7+ Kxd7 23. O-O Ke8 24. Qe2 Nc4 25. Bf2 Be7 26. g6 fxg6 27. hxg6 Kd7 28.
Rac1 Qd6 29. g7 Rh7 30. Rxc4 dxc4 31. d5 Rxg7 32. dxe6+ Qxe6 33. Qf3 Bd6 34.
Re1 Qf7 35. Qe3 Bxg3 36. Rd1+ Bd6+ 37. Kf1 Qf6 38. Qa7+ Ke8 39. Rxd6 Rxa7 40.
Rxf6 Rf7 41. Rc6 Rb4 42. Ke2 Rxa4 43. Bc5 c3 44. bxc3 b2 45. Rb6 Rb4 46. Bxb4
b1=Q 47. Re6+ Kd7 48. Rd6+ Kc7 0-1

[Event "18th 4NCL Congress"]
[Site "Doncaster"]
[Date "2018.04.14"]
[Round "3"]
[Board "3"]
[White "Wells, Peter K"]
[Black "Mazek, Marek"]
[Result "1/2-1/2"]
[WhiteElo "2433"]
[BlackElo "2067"]
[PlyCount "47"]
[EventDate "2018.04.13"]
[EventRounds "5"]
[EventCountry "ENG"]

1. d4 d5 2. c4 c6 3. Nf3 Nf6 4. Nc3 e6 5. e3 a6 6. Qc2 c5 7. dxc5 Bxc5 8. a3
O-O 9. b4 Be7 10. Bb2 dxc4 11. Bxc4 b5 12. Bd3 Bb7 13. e4 h6 14. Rd1 Qc8 15.
Qe2 Nbd7 16. Rc1 Qb8 17. O-O Bd6 18. Nb1 Rd8 19. Nbd2 Ng4 20. g3 Nde5 21. Bb1
Nxf3+ 22. Nxf3 Ne5 23. Nxe5 Bxe5 24. Rfd1 1/2-1/2

[Event "18th 4NCL Congress"]
[Site "Doncaster"]
[Date "2018.04.14"]
[Round "3"]
[Board "4"]
[White "Walker, David J"]
[Black "Moore, Gerald"]
[Result "1-0"]
[WhiteElo "2285"]
[BlackElo "2056"]
[PlyCount "63"]
[EventDate "2018.04.13"]
[EventRounds "5"]
[EventCountry "ENG"]

1. c4 g6 2. Nc3 Bg7 3. Nf3 Nf6 4. e4 d6 5. d4 O-O 6. Be2 Bg4 7. Be3 Nfd7 8. O-O
c5 9. d5 Na6 10. Qd2 Nc7 11. Bh6 Rb8 12. Bxg7 Kxg7 13. Ng5 Bxe2 14. Qxe2 h6 15.
Nf3 a6 16. a4 b5 17. cxb5 axb5 18. axb5 Nb6 19. Rab1 Qd7 20. b4 c4 21. Nd4 e6
22. Nc6 exd5 23. Nxb8 Rxb8 24. exd5 Nxb5 25. Qd2 Kh7 26. Rbd1 Nxc3 27. Qxc3 Rc8
28. Rfe1 Na4 29. Qd4 c3 30. Rc1 Rc7 31. Rc2 Qb5 32. h3 1-0

[Event "18th 4NCL Congress"]
[Site "Doncaster"]
[Date "2018.04.14"]
[Round "3"]
[Board "5"]
[White "Bin-Suhayl, Ieysaa"]
[Black "Milson, Samuel A"]
[Result "1/2-1/2"]
[WhiteElo "2029"]
[BlackElo "2105"]
[PlyCount "92"]
[EventDate "2018.04.13"]
[EventRounds "5"]
[EventCountry "ENG"]

1. Nf3 Nf6 2. c4 e6 3. g3 d5 4. Bg2 c6 5. d4 Nbd7 6. O-O Be7 7. Nbd2 O-O 8. Qc2
b6 9. e4 dxe4 10. Nxe4 Ba6 11. b3 Rc8 12. Rd1 c5 13. Nc3 Qe8 14. d5 exd5 15.
cxd5 Bd6 16. Re1 Qd8 17. Bb2 c4 18. Nd4 Ne5 19. Nc6 Rxc6 20. dxc6 Nd3 21. Red1
Bc5 22. Ne4 Nxe4 23. Bxe4 Qe7 24. Bxd3 cxd3 25. Qc3 f6 26. a3 Qc7 27. b4 Qxc6
28. Rxd3 Bb7 29. Qb3+ Kh8 30. Rf3 Qxf3 31. Qxf3 Bxf3 32. bxc5 bxc5 33. Rc1 Rd8
34. Bc3 Rd3 35. h3 h5 36. Kf1 Kg8 37. Ke1 Kf7 38. a4 Ke6 39. Bd2 Kd5 40. Rc3
Kd4 41. Rxd3+ Kxd3 42. Be3 Kc4 43. a5 a6 44. Kd2 Kb4 45. Kc2 c4 46. Bd2+ Kc5
 1/2-1/2